Name these Januarians - Statistics

General Stats
  • This quiz has been taken 78 times
  • The average score is 14 of 31
Answer Stats
Picture Hint Answer % Correct
January 8th
Singer
Elvis Presley
90%
January 26th
Comedienne
TV Host
Ellen DeGeneres
87%
January 15th
Civil Rights Activist
Baptist Minister
Martin Luther King
87%
January 17th
US First Lady
Michelle Obama
87%
January 19th
Musician
Actress
Dolly Parton
81%
January 12th
Businessman
Jeff Bezos
81%
January 4th
Mathematician
Physicist
Isaac Newton
79%
January 31st
Singer
Justin Timberlake
79%
January 21st
Mystic
Holy Man
Rasputin
68%
January 27th
Composer
Wolfgang Amadeus Mozart
68%
January 7th
Actor
Jeremy Renner
63%
January 30th
US President
Franklin D Roosevelt
62%
January 16th
Playwright
Actor
Lin-Manuel Miranda
48%
January 14th
Musician
Dave Grohl
43%
January 28th
Actor
Elijah Wood
40%
January 29th
US President
William McKinley
40%
January 5th
Actress
Diane Keaton
38%
January 13th
Actress
Comedienne
Julia Louis-Dreyfus
37%
January 9th
Actor
J K Simmons
35%
January 25th
Singer
Alicia Keys
30%
January 24th
Singer
Neil Diamond
22%
January 22nd
Actor
John Hurt
21%
January 6th
Actress
Comedienne
Kate McKinnon
21%
January 23rd
US Founding Father
Signer DoI
John Hancock
17%
January 3rd
British Prime Minister
Clement Attlee
16%
January 1st
New Mexico Governor
Lib. Presidential Candidate
Gary Johnson
16%
January 20th
Actor
Tom Baker
16%
January 10th
Actor
Comedian
Jemaine Clement
8%
January 11th
Canadian Prime Minister
John A Macdonald
8%
January 2nd
Actress
Singer
Renée Elise Goldsberry
5%
January 18th
Australian Prime Minister
Edmund Barton
3%
No matching quizzes found
Score Distribution
Percent of People with Each Score
Percentile by Number Answered
Your Score History
You have not taken this quiz